Aceros y tratamientos térmicos /
Guardado en:
| Autor Principal: | |
|---|---|
| Formato: | Libro |
| Idioma: | Spanish |
| Publicado: |
La Plata :
Imp. Palumbo,
1944.
|
| Etiquetas: |
Agregar Etiqueta
Sin Etiquetas, Sea el primero en etiquetar este registro!
|
| LEADER | 00447nam a22001455a 4500 | ||
|---|---|---|---|
| 001 | EUN.um038621 | ||
| 003 | AR-BaUNS | ||
| 005 | 20050623122910.0 | ||
| 008 | 041125s1944####ag#a##########000#0#spa#d | ||
| 245 | 1 | 0 | |a Aceros y tratamientos térmicos / |c A. Lodeiro Blanco. |
| 260 | |a La Plata : |b Imp. Palumbo, |c 1944. | ||
| 300 | |a 98 p. : |b ilus. ; |c 26,5 cm. | ||
| 100 | 1 | |a Lodeiro Blanco, A. | |
| 082 | 0 | 4 | |a 669.18 |
| 859 | |a Ar-BaUNS |b BIB. CENTRAL - Sector C |h 669.18 |i L821 |p 101/948 | ||
